|
|
|
|
| LEADER |
00000ckm a2200000 a 4500 |
| 001 |
vtls001204121 |
| 003 |
SK-MaSNL |
| 005 |
20260331202659.0 |
| 007 |
kf co |
| 008 |
180815s1989 xo g 0kuslo |
| 015 |
|
|
|a SNBG1989
|
| 035 |
|
|
|a SNK000147191
|
| 040 |
|
|
|a SNK
|b slo
|c SNK
|e AACR2
|
| 041 |
0 |
|
|a slo
|
| 043 |
|
|
|a e-xo---
|
| 044 |
|
|
|a xo
|c SK
|
| 072 |
|
7 |
|a 913
|x Regionálna geografia
|2 konspekt
|
| 080 |
|
|
|a 913(437.6)
|2 2011
|
| 080 |
|
|
|a 728.3
|2 2011
|
| 080 |
|
|
|a 725.945
|2 2011
|
| 080 |
|
|
|a 711.61
|2 2011
|
| 080 |
|
|
|a 640.412
|2 2011
|
| 080 |
|
|
|a 35
|2 2011
|
| 080 |
|
|
|a (084.121)
|2 2011
|
| 080 |
|
|
|a 913.437.655(084.121)
|2 1981
|
| 080 |
|
|
|a 625.712.4
|2 2011
|
| 100 |
1 |
|
|a Jiroušek, Alexander,
|d 1934-2021
|4 pht
|9 223957
|
| 245 |
1 |
0 |
|a Rimavská Sobota
|h grafika
|b časť námestia : Hotel Slovan : budova OV KSS : Pomník obetiam I. svetovej vojny
|c foto: A. Jiroušek, P. Lenhart, P. Paul, I. Tichý ; výtvarný návrh: J. Býma
|
| 246 |
1 |
|
|i Názov na obrazovej časti:
|a Rimavská Sobota
|
| 260 |
|
|
|a Bratislava
|b ČSTK-Pressfoto
|c 1989
|e Skalica
|f Grafobal
|
| 300 |
|
|
|a 1 pohľadnica (4 čiastkové pohľady)
|b farebná
|c 11 x 15 cm
|
| 520 |
8 |
|
|a Zobrazenie: Štyri čiastkové pohľady oddelené bielymi líniami. Prvý pohľad je z troch strán v bielo-striebornom orámovaní. Pod ním je na striebornom podklade čiernobielym písmom názov. Pohľad na rad meštianskych budov vľavo pozdĺž námestia. Vpravo je vidno vysoký listnatý strom. Pohľad na Hotel Slovan z výšky. Vpravo je pred hotelom parkovisko s niekoľkými autami. Vľavo je druhá časť parkoviska. Vľavo v popredí sú dve pouličné lampy. Vľavo za nimi je pred hotelom jeden človek. Pohľad na ulicu s radmi poschodových budov. Vľavo je štvorposchodová dlhá budova OV KSS. Vpravo v pozadí sú zaparkované autá na okraji cesty, jedno vľavo od nich jazdí po ceste. Vľavo sú pozdĺž cesty pouličné lampy. Pohľad na Pomník obetiam I. svetovej vojny vpravo v popredí. Za ním sú vysoké stromy. Vľavo v pozadí vidno na námestí ihličnaté stromy. Vľavo za pomníkom je pouličná lampa. Vpravo sú kvety v kvetináči na trávnatej ploche
|
| 650 |
0 |
7 |
|a meštianske domy
|2 SNKPH
|9 75846
|
| 650 |
0 |
7 |
|a námestia
|2 SNKPH
|9 26291
|
| 650 |
0 |
7 |
|a hotely
|2 SNKPH
|9 18422
|
| 650 |
0 |
7 |
|a úrady a inštitúcie
|2 SNKPH
|9 31014
|
| 650 |
0 |
7 |
|a pamätníky
|2 SNKPH
|9 25601
|
| 651 |
|
7 |
|a Rimavská Sobota (Slovensko)
|2 SNKPHgeo
|9 28655
|
| 655 |
|
7 |
|a miestne pohľadnice
|2 SNKPH
|9 70510
|
| 700 |
1 |
|
|a Lenhart, Peter
|c (fotograf)
|4 pht
|9 283350
|
| 700 |
1 |
|
|a Paul, P.
|c (fotograf)
|4 pht
|9 60489
|
| 700 |
1 |
|
|a Tichý, I.
|c (fotograf)
|4 pht
|9 367607
|
| 700 |
1 |
|
|a Býma, J.
|c (grafik)
|4 art
|9 283282
|
| 958 |
|
|
|a OND
|
| 958 |
|
|
|a GBN
|
| 958 |
|
|
|a GC
|
| 999 |
|
|
|c 1126821
|d 1128751
|
| 952 |
|
|
|a SNK
|b SNK
|y PREZ
|7 0
|p 17A1291022
|o snkSP 141180
|i snk1681/89
|8 0
|0 0
|1 0
|4 0
|d 2020-11-27
|f 1
|l 0
|r 2026-02-24 18:49:24
|w 2026-02-24
|
| 952 |
|
|
|t P60, <04>, [BOOK], {604}
|a SNK
|b SNK
|y PREZ
|7 0
|p 17A0170577
|o snkSP 141180 D1
|i snk1682/89
|0 0
|1 0
|4 0
|d 1998-11-25
|l 0
|r 2005-01-01 00:00:00
|w 2026-02-24
|